000 00569nam a2200181Ia 4500
003 GCL
008 140319s9999 xx 000 0 ara d
040 _aGCL /
_cGCL
082 0 4 _a602
_bج ا
100 1 _aالجمعية الكويتية لتقدم الطفولة
245 1 0 _aالالات فى حياتنا : كيف تعمل موسوعة تقنية /
_cالجمعية الكويتية لتقدم الطفولة
300 _aمتعدد
490 _a
650 0 4 _aالتكنولوجيا
650 0 4 _aالعلوم
650 0 4 _aالالات
942 _2ddc
_cBK
999 _c44302
_d44302